书目信息 |
| 题名: |
中国古代教育思想的批判继承
|
|
| 作者: | 周德昌 著 | |
| 分册: | ||
| 出版信息: | 北京 教育科学出版社 1982 |
|
| 页数: | 164页 | |
| 开本: | 19cm | |
| 丛书名: | ||
| 单 册: | ||
| 中图分类: | G409 | |
| 科图分类: | ||
| 主题词: | 教育思想--研究--中国--现代 | |
| 电子资源: | ||
| ISBN: | ||
| 000 | 00618nam0 2200217 45 | |
| 001 | 1552985801 | |
| 005 | 20150128184424.21 | |
| 010 | @dCNY0.53 | |
| 091 | @aCN@b7232.120 | |
| 100 | @a19950613d1982 emky0chiy0121 ea | |
| 101 | 0 | @achi |
| 102 | @aCN@b110000 | |
| 105 | @ay z 000yy | |
| 200 | 10 | @a中国古代教育思想的批判继承@Azhong guo gu dai jiao yu si xiang de pi pan ji cheng@f周德昌著 |
| 210 | @a北京@c教育科学出版社@d1982 | |
| 215 | @a164页@d19cm | |
| 606 | @a教育思想@x研究@y中国@z现代 | |
| 690 | @aG409@v4 | |
| 701 | 0 | @a周德昌@Azhou de chang@4著 |
| 801 | 0 | @aCN@bTSSF@c20150128 |
| 905 | @aZUCC@dG409@eJY155 | |
| 中国古代教育思想的批判继承/周德昌著.-北京:教育科学出版社,1982 |
| 164页;19cm |
| ISBN :CNY0.53 |
| ● |
| 相关链接 |
|
|
|
|
正题名:中国古代教育思想的批判继承
索取号:G409/JY155
 
预约/预借
| 序号 | 登录号 | 条形码 | 馆藏地/架位号 | 状态 | 备注 |
| 1 | 7838029 | 278380299 | 学院路分馆/ [索取号:G409/JY155] | 在馆 | |
| 2 | 7838030 | 278380306 | 学院路分馆/ [索取号:G409/JY155] | 在馆 | |
| 3 | 7838031 | 278380315 | 学院路分馆/ [索取号:G409/JY155] | 在馆 | |
| 4 | 7844048 | 278440484 | 学院路分馆/ [索取号:G409/JY155] | 在馆 |